[Event "Lenk op 21st"]
[Site "Lenk"]
[Date "2009.04.09"]
[Round "1"]
[White "Bonnard, Vincent"]
[Black "Gaehwiler, Gabriel"]
[Result "0-1"]
[WhiteElo "1897"]
[BlackElo "2226"]
[PlyCount "70"]
[EventDate "2009.04.09"]
[EventType "swiss"]
[EventRounds "7"]
[EventCountry "SUI"]
[SourceTitle "CBM 130 Extra"]
[Source "ChessBase"]
[SourceDate "2009.07.02"]
[SourceVersion "2"]
[SourceVersionDate "2009.07.15"]
[SourceQuality "1"]

1. e4 c5 2. Nf3 d6 3. d4 cxd4 4. Nxd4 Nf6 5. Nc3 a6 6. a4 g6 7. Bc4 Bg7 8. f3 Qa5 9. Be3 Nc6 10. 0-0 0-0 11. Qd2 Nxd4 12. Bxd4 Qb4 13. b3 Bd7 14. Nb1 Qxd2 15. Nxd2 Nxe4 16. Bxg7 Nxd2 17. Bxf8 Kxf8 18. Rfd1 Nxc4 19. bxc4 Rc8 20. Rd4 Rc5 21. a5 Ke8 22. Kf2 Kd8 23. f4 Kc7 24. g3 Rh5 25. h4 Rc5 26. Ke3 Bc6 27. Kd2 e5 28. fxe5 dxe5 29. Rg4 f5 30. Rg5 Be8 31. h5 Kd6 32. g4 f4 33. hxg6 hxg6 34. Rb1 Ke6 35. Rb6+ Rc6 0-1